Los delitos de estafa en el codigo penal (Registro nro. 158937)
[ vista simple ]
| 000 -LEADER | |
|---|---|
| fixed length control field | 01069ny a22002653n 4500 |
| 008 - FIXED-LENGTH DATA ELEMENTS--GENERAL INFORMATION | |
| fixed length control field | 080626s1994 sp s 000 0 spa c |
| 020 ## - INTERNATIONAL STANDARD BOOK NUMBER | |
| International Standard Book Number | 8480046767 |
| 035 ## - | |
| -- | 1294 |
| 040 ## - CATALOGING SOURCE | |
| Original cataloging agency | UMA.RE |
| Modifying agency | vLex |
| 080 ## - | |
| -- | 343.72(0.034) |
| 090 ## - | |
| -- | 407 |
| -- | 407 |
| 100 1# - MAIN ENTRY--PERSONAL NAME | |
| Personal name | Bajo Fernández, Miguel |
| 245 14 - TITLE STATEMENT | |
| Title | Los delitos de estafa en el codigo penal |
| Medium | [Recurso electrónico] |
| Statement of responsibility, etc | Miguel Bajo Fernández |
| 256 ## - | |
| -- | Servicio en línea |
| 260 ## - PUBLICATION, DISTRIBUTION, ETC. (IMPRINT) | |
| Place of publication, distribution, etc | [Barcelona] : |
| Name of publisher, distributor, etc | J.M. Bosch, |
| Date of publication, distribution, etc | 1994 |
| 506 1# - RESTRICTIONS ON ACCESS NOTE | |
| Terms governing access | Contenido solo disponible en los productos indicados |
| Authorized users | vLex Global |
| -- | vLex Global (Academic Edition, excluding Law Schools) |
| -- | vLex Global (U.S. Academic Edition, Law Schools) |
| -- | vLex Global (U.S. Academic Edition, excluding Law Schools) |
| -- | vLex Global (Academic Edition, Law Schools) |
| 650 07 - SUBJECT ADDED ENTRY--TOPICAL TERM | |
| Topical term or geographic name as entry element | Código penal |
| Source of heading or term | Tesauro vLex |
| 650 07 - SUBJECT ADDED ENTRY--TOPICAL TERM | |
| Topical term or geographic name as entry element | Penal |
| Source of heading or term | Tesauro vLex |
| 650 07 - SUBJECT ADDED ENTRY--TOPICAL TERM | |
| Topical term or geographic name as entry element | Estafa |
| Source of heading or term | Tesauro vLex |
| 650 07 - SUBJECT ADDED ENTRY--TOPICAL TERM | |
| Topical term or geographic name as entry element | Delitos |
| Source of heading or term | Tesauro vLex |
| 740 0# - | |
| -- | vLex Libros (Servicios en línea) |
| 856 40 - LOCALIZACIÓN Y ACCESO ELECTRÓNICO | |
| Identificador Uniforme del Recurso (URI/URL) | https://app.vlex.com/#/sources/1294 |
| 942 ## - | |
| -- | RAA |
| 999 ## - | |
| -- | 158937 |
| -- | 158937 |
No hay ítems disponibles.